000 01057nam a2200205Ia 4500
003 OSt
005 20210414122710.0
008 210310s2011 ck ao gr 000 0 spa d
040 _aCO-JMCR
_cCO-JMCR
041 0 _aspa
082 0 4 _a658.408 /
_bC653p
_223
111 2 _aPrimer congreso sobre pacto global : y responsabilidad social dialogo entre empresa, academia y sector publico: por una sociedad responsable y sostenible (18y 19 Octubrede 2011 ;
_cClub el nogal)
_936820
245 1 0 _aPrimer congreso sobre pacto global :
_by responsabilidad social dialogo entre empresa, academia y sector publico: por una sociedad responsable y sostenible /
_cFundación El Nogal
260 _aBogotá :
_bFundación Nogal,
_c2011.
300 _a106 páginas :
_bilusatraciones y fotográfias a color ;
_c28 cm.
505 0 _aBienvenida. -- Ponencias. -- Plenarias. -- Mesa de dialogo, academia - empresa. -- Organizadores.
650 1 4 _aResponsabilidad social.
_xCongreso
_925672
650 2 4 _asostenibilidad ambiental
_xCongreso
_936821
942 _2ddc
_cBK
999 _c11491
_d11491